He slew the dreamer ; my search, with James Earl Ray, for the truth about the murder of Martin Luther King.

Bibliographic Details
Main Author: Huie, William Bradford, 1910-1986
Other Authors: Ray, James Earl, 1928-1998
Format: Book
Language:English
Published: New York : Delacorte Press, [1970]
Subjects:

MARC

Tag First Indicator Second Indicator Subfields
LEADER 00000cam a22000001 4500
001 in00000460880
005 20151012160020.0
008 760426s1970 nyu 00000 eng d
010 |a  76110606  
035 |a (OCoLC)00264480 
035 |9 ABZ2600AM 
037 |c 5.95 
040 |a DLC  |c DLC  |d TXA  |d UtOrBLW 
049 |a TXAM  |c [857083] 
050 0 0 |a HV6248.R39  |b H82 
082 0 |a 364.15/24/0924  |a B 
100 1 |a Huie, William Bradford,  |d 1910-1986. 
245 1 0 |a He slew the dreamer ;  |b my search, with James Earl Ray, for the truth about the murder of Martin Luther King. 
264 1 |a New York :  |b Delacorte Press,  |c [1970] 
264 4 |c [©1970] 
300 |a 212 pages ;  |c 22 cm. 
336 |a text  |b txt  |2 rdacontent 
337 |a unmediated  |b n  |2 rdamedia 
338 |a volume  |b nc  |2 rdacarrier 
600 1 0 |a King, Martin Luther,  |c Jr.,  |d 1929-1968. 
700 1 |a Ray, James Earl,  |d 1928-1998. 
999 |a MARS 
999 f f |s ff795bf0-538f-3d81-8b9b-b9c663c54c78  |i ad4477d9-47ec-3edf-b6b2-3a5707345a7a  |t 0 
952 f f |p normal  |a Texas A&M University  |b College Station  |c Sterling C. Evans Library  |d Evans: Library Stacks  |t 0  |e HV6248.R39 H82  |h Library of Congress classification  |i unmediated -- volume  |m A14803033041 
998 f f |a HV6248.R39 H82  |t 0  |l Evans: Library Stacks